| 000 | 00698cam a22002411 4500 | ||
|---|---|---|---|
| 001 | 3171 | ||
| 003 | BD-RjUL | ||
| 005 | 20211208233704.0 | ||
| 008 | 131218s1958 xx 000 0 eng | ||
| 035 | _a(BD-RjUL)3205 | ||
| 035 | _a(OCoLC)939335 | ||
| 040 |
_aDLC _cCtWeharU _dUk _dDLC _dBD-RjUL _beng |
||
| 041 | _aeng | ||
| 082 | 0 | 0 |
_a330 _bCOH 1958 |
| 100 | 1 |
_aCorrado, Giovanni Battista, _d1902- _910044 |
|
| 245 | 1 | 4 |
_aThe H-bomb of economics / _cby G. B. Corrado. Illustrated by Andel. |
| 260 |
_aLondon, _bDistributed by W. Dawson _c[1958] |
||
| 300 |
_axvii, 247 p. : _billus. ; _c22 cm. |
||
| 650 | 0 |
_aEconomics. _910045 |
|
| 942 |
_2ddc _cBK |
||
| 999 |
_c3171 _d3171 |
||